| 000 | 02225nam a22003137a 4500 | ||
|---|---|---|---|
| 001 | 4599 | ||
| 003 | FISKH | ||
| 005 | 20240917161454.0 | ||
| 008 | 240917b cb ||||| |||| 00| 0 eng d | ||
| 020 | _a9789996389313 | ||
| 040 |
_aFISKH _bKhmer _cFISKH _dFISKH |
||
| 050 | _aPZ7 | ||
| 082 | _a800 | ||
| 100 |
_aAnonymous _eauthor |
||
| 245 |
_aហង្សមាស / _cby Anonymous |
||
| 250 | _aបោះពុម្ពឆ្នាំ២០១៥ | ||
| 260 |
_aភ្នំពេញ : _bអផ្សុក ; _c២០១៥ . |
||
| 300 |
_a12 pages : _bcolor illustrations ; _c22 cm . |
||
| 490 | _aនិទានអប់រំសម្រាប់កុមារ | ||
| 505 | _aH | ||
| 520 | _aមានគ្រួសារមួយមានកូនបីនាក់។ លុះក្រោយមកឪពុកបានស្លាប់ហើយក៏បានកើតជាហង្សមាស។ពប្រពន្ធនិងកូនធ្លាក់ខ្លួនក្រ ហង្សមាសក៏ជម្រុះស្លាបមាសអោយដើម្បីលក់ទិញម្ហូបអាហារ ។ ដោយក្តីលោភលន់របស់ប្រពន្ធនាងក៏ចាប់ហង្សមាសដកស្លាបទាំងអស់ ធ្វើអោយហង្សរស់ទាំងវេទនារហូតដល់ដុះរោមសារជាថ្មីក្លាយជាពណ៏ស ហើយក៏មិនដែលត្រលប់មកវិញឡើយ។ | ||
| 520 | _aThere is a family with three children. Later, the father died and was born as a golden swan. After the death of his wife and children, the golden swan discarded the golden wings to buy food. Due to his wife's greed, he grabbed the golden swan, removed all its wings, and made the swan live miserably until it grew white hair again and never came back. | ||
| 521 | 8 |
_a430
_bLexile estimate |
|
| 521 | 8 |
_aH
_bRaz-Plus |
|
| 650 |
_aកូនស្រីបីនាក់ _vរឿងនិទានកុមារ |
||
| 650 |
_athree daughters _vchildren's stories |
||
| 942 |
_2ddc _cKHB _n0 |
||
| 999 |
_c4599 _d4599 |
||